Saltar al contenido
Inicio
Centros participantes
Catálogo
Servicios
Contacto
Prijava
English
Deutsch
Español
Français
Italiano
日本語
Nederlands
Português
Português (Brasil)
中文(简体)
中文(繁體)
Türkçe
עברית
Gaeilge
Cymraeg
Ελληνικά
Català
Euskara
Русский
Čeština
Suomi
Svenska
polski
Dansk
slovenščina
اللغة العربية
বাংলা
Galego
Tiếng Việt
Hrvatski
हिंदी
Հայերէն
Українська
Sámegiella
Jezik
Vsa polja
Naslov
Avtor
Tema
Signatura
ISBN/ISSN
Oznaka
Išči
Napredno
Panamá: el régimen de Torrijos...
Citiraj
Pošljite email
Natisni
Izvozi zadetek
Izvozi v RefWorks
Izvozi v EndNoteWeb
Izvozi v EndNote
Dodaj v priljubljene
Enlace Permanente
Agregar primera valuación
Panamá: el régimen de Torrijos y la cuestión del Estado burocrático - autoritario 1968-1984
Shranjeno v:
Bibliografske podrobnosti
Glavni avtor:
Maloney F, Gerardo
Korporativna značnica:
CELA
Format:
Texto
Izdano:
Panamá:
CELA
Oznake:
Označite
Brez oznak, prvi označite!
Zaloga
Opis
Komentarji
Podobne knjige/članki
Knjižničarski pogled
MARC
LEADER
00000 a a2200000 04500
001
21654
003
040
090
|a
096500
100
|a
Maloney F, Gerardo
110
|a
CELA
245
|a
Panamá: el régimen de Torrijos y la cuestión del Estado burocrático - autoritario 1968-1984
260
|a
Panamá:
|b
CELA
300
|a
20 p.
999
|c
13603
|d
13603
Podobne knjige/članki
Tensiones en el estado burocrático-autoritario y la cuestión de la democracia
od: O'Donnell, Guillermo
Crisis y opciones políticas en Panamá: problemas y perspectivas de un proceso populista de liberación nacional
od: Castro Herrera, Guillermo
Dimensión regional de la crisis. El caso de Costa Rica, Guatemala, Honduras, Panamá y Belice: elementos y parámetros para un análisis
od: Villagrán Kramer, Francisco
El Salvador: 15 de octubre de 1979, otro golpe de estado. ¿Hacia un proceso real de democratización o hacia un nuevo modelo de dominación?
od: Córdova Macías, Ricardo
Reflexiones sobre las tendencias generales de cambio en el Estado Burocrático-Autoritario /
od: O'Donnell, Guillermo